Bienvenue au Catalogue en Ligne des Bibliothèques de l'Universite du Burundi

Catastrophes socio-naturelles et résilience (Record no. 53970)

000 -GUIDE
Champ de contrôle de longueur fixe 00941nam a22002177a 4500
003 - IDENTITÉ DU NUMÉRO DE CONTRÔLE
Champ de contrôle BI-BuBU
008 - ÉLÉMENTS DE LONGUEUR FIXE - RENSEIGNEMENTS GÉNÉRAUX
Champ de contrôle de longueur fixe 260603b20263/6 bd
037 ## - SOURCE D'ACQUISITION
Source d'acquisition et du numéro d'inventaire Don
040 ## - SOURCE DU CATALOGAGE
Organisme qui a effectué le catalogage original BI-BuBU
Organisme qui a effectué la transcription BI-BuBU
Organisme qui a effectué la modification BI-BuBU
080 ## - INDICE DE LA CLASSIFICATION DÉCIMALE UNIVERSELLE (CDU)
Numéro de document 551.579.4
100 1# - VEDETTE PRINCIPALE - NOM DE PERSONNE
Code de relation dir
Nom de personne aut
245 0# - MENTION DU TITRE
Titre Catastrophes socio-naturelles et résilience
Reste du titre Représentation et pratiques des habitants du bassin versant de la rivière gasenyi face au risque d´inondation
Mention de responsabilité, etc. Christ Marie Fortuné Nendakumana;Pr Jean Marie Nduwayo dir
260 ## - PUBLICATION, DIFFUSION, ETC. (ADRESSE BIBLIOGRAPHIQUE)
Lieu de publication, diffusion, etc. Bujumbura
Nom de l'éditeur, diffuseur, etc. Université du burundi,Faculté des lettres et sciences humaines
Date of publication, distribution, etc 2025
300 ## - DESCRIPTION MATÉRIELLE
Collation XII-70f
Dimensions 30cm
502 ## - NOTE DE THÈSE OU MÉMOIRE
Note de thèse Mémoire présenté et soutenu publiquement en vue de l´obtention du diplome de master en socio- anthropologie
650 7# - VEDETTE-MATIÈRE - NOM COMMUN
Source du terme BI-BuBU
Vedette de sujet ou vedette comportant un nom géographique risque d´inondation
Subdivision générale catastrophe socio-naturelle
Subdivision géographique rivière gasenyi
655 7# - TERME D'INDEXATION - GENRE OU FORME
Source du terme BI-BuBU
700 ## - VEDETTE SECONDAIRE - NOM DE PERSONNE
Code de relation dir
Nom d'auteur aut
710 ## - VEDETTE SECONDAIRE - NOM DE COLLECTIVITÉ
Nom de la collectivité ou nom de lieu comme élément de classement Faculté des lettres et sciences humaines
942 ## - ÉLÉMENTS D'ENTRÉE ADDITIONNELLE (KOHA)
Source de la classification ou du système de rangement
Type d item koha Memoire

No items available.

© 2019-2026 - Bibliothèques de l'Université du Burundi |Tous droits réservés
home | Pour toute information urgente Contactez nous | tel whatsupp: +25779204313